| 000 | 00690cam a22002175a 4500 | ||
|---|---|---|---|
| 001 | L140323 | ||
| 008 | 070918n xxk eng u | ||
| 035 | _a(Sirsi) u140323 | ||
| 041 | 4 | _aeng | |
| 100 | 1 | _aBlack, George F. | |
| 245 | 0 | 0 |
_aNo. 7 Manor Place, Edinburgh _h[manuscript] |
| 255 | _aScale 1:96 | ||
| 260 | _cn.d | ||
| 300 |
_a1 sheet _bcopy _c58 x 65 cm. |
||
| 340 | _aCopy on paper | ||
| 351 | _cSingle item | ||
| 500 | _aSheet shows basement, ground floor, first floor, second floor and third floor plans of no. 7 Manor Place, Edinburgh. Prepared by George F. Black of 7 St Colme Street. Edinburgh. | ||
| 651 | 4 | _aEdinburgh | |
| 690 | _aBUILT ENVIRONMENT | ||
| 942 | _n0 | ||
| 999 |
_c116308 _d116308 |
||